| 000 -LEADER |
| fixed length control field |
01691cam a2200397 i 4500 |
| 001 - CONTROL NUMBER |
| control field |
11449955 |
| 003 - CONTROL NUMBER IDENTIFIER |
| control field |
USPCAS-E |
| 005 - DATE AND TIME OF LATEST TRANSACTION |
| control field |
20180118181417.0 |
| 006 - FIXED-LENGTH DATA ELEMENTS--ADDITIONAL MATERIAL CHARACTERISTICS |
| fixed length control field |
m o d |
| 007 - PHYSICAL DESCRIPTION FIXED FIELD--GENERAL INFORMATION |
| fixed length control field |
cr cn||||||||| |
| 008 - FIXED-LENGTH DATA ELEMENTS--GENERAL INFORMATION |
| fixed length control field |
140620t20142014enka ob 001 0 eng d |
| 020 ## - INTERNATIONAL STANDARD BOOK NUMBER |
| Canceled/invalid ISBN |
9781118634035 |
| 020 ## - INTERNATIONAL STANDARD BOOK NUMBER |
| International Standard Book Number |
9781118755518 (ebook) |
| 035 ## - SYSTEM CONTROL NUMBER |
| System control number |
(CaPaEBR)ebr10880288 |
| 035 ## - SYSTEM CONTROL NUMBER |
| System control number |
(NNC)11449955 |
| 040 ## - CATALOGING SOURCE |
| Original cataloging agency |
CaPaEBR |
| Language of cataloging |
eng |
| Description conventions |
rda |
| -- |
pn |
| Transcribing agency |
CaPaEBR |
| 050 14 - LIBRARY OF CONGRESS CALL NUMBER |
| Classification number |
TK7881.15 |
| Item number |
.P6725 2014eb |
| 082 04 - DEWEY DECIMAL CLASSIFICATION NUMBER |
| Classification number |
621.317 |
| Edition number |
23 |
| Author Mark |
POW 2014 |
| 245 00 - TITLE STATEMENT |
| Title |
Power electronics for renewable energy systems, transportation and industrial applications / |
| Statement of responsibility, etc. |
edited by Haitham Abu-Rub, Mariusz Malinowski, Kamal Al-Haddad. |
| 260 ## - PUBLICATION, DISTRIBUTION, ETC. |
| Place of publication, distribution, etc. |
London: |
| Name of publisher, distributor, etc. |
Wiley, |
| Date of publication, distribution, etc. |
2014. |
| 300 ## - PHYSICAL DESCRIPTION |
| Extent |
1 online resource (827 pages) : |
| Other physical details |
illustrations |
| 502 ## - DISSERTATION NOTE |
| Dissertation note |
. |
| 504 ## - BIBLIOGRAPHY, ETC. NOTE |
| Bibliography, etc. note |
Includes bibliographical references at the end of each chapters and index. |
| 590 ## - LOCAL NOTE (RLIN) |
| Local note |
Electronic reproduction. Palo Alto, Calif. : ebrary, 2015. Available via World Wide Web. Access may be limited to ebrary affiliated libraries. |
| 650 #0 - SUBJECT ADDED ENTRY--TOPICAL TERM |
| Topical term or geographic name entry element |
Power electronics. |
| 650 #0 - SUBJECT ADDED ENTRY--TOPICAL TERM |
| Topical term or geographic name entry element |
Industries |
| General subdivision |
Power supply. |
| 655 #0 - INDEX TERM--GENRE/FORM |
| Genre/form data or focus term |
Electronic books. |
| 700 1# - ADDED ENTRY--PERSONAL NAME |
| Personal name |
Abu-Rub, Haithem, |
| Relator term |
editor. |
| 700 1# - ADDED ENTRY--PERSONAL NAME |
| Personal name |
Malinowski, Mariusz |
| Titles and other words associated with a name |
(Electrical engineer), |
| Relator term |
editor. |
| 700 1# - ADDED ENTRY--PERSONAL NAME |
| Personal name |
Al-Haddad, Kamal, |
| Relator term |
editor. |
| 776 08 - ADDITIONAL PHYSICAL FORM ENTRY |
| Relationship information |
Print version: |
| Title |
Power electronics for renewable energy systems, transportation and industrial applications. |
| Place, publisher, and date of publication |
Chichester, England : IEEE : Wiley, 2014 |
| Physical description |
xxx, 795 pages |
| International Standard Book Number |
9781118634035 |
| Record control number |
2014001834 |
| 797 2# - LOCAL ADDED ENTRY--CORPORATE NAME (RLIN) |
| Corporate name or jurisdiction name as entry element |
ebrary. |
| 856 40 - ELECTRONIC LOCATION AND ACCESS |
| Uniform Resource Identifier |
<a href="http://www.columbia.edu/cgi-bin/cul/resolve?clio11449955">http://www.columbia.edu/cgi-bin/cul/resolve?clio11449955</a> |
| Public note |
Click here for full text. |
| 942 ## - ADDED ENTRY ELEMENTS (KOHA) |
| Source of classification or shelving scheme |
|
| Koha item type |
Book |